Evaluación del comportamiento de un motor de combustión interna de encendido por compresión con mezclas de biodiésel con diésel
Αποθηκεύτηκε σε:
| Κύριος συγγραφέας: | |
|---|---|
| Άλλοι συγγραφείς: | |
| Μορφή: | Βιβλίο |
| Γλώσσα: | Spanish |
| Έκδοση: |
San José, Costa Rica,
2020
|
| Θέματα: | |
| Διαθέσιμο Online: | https://cedi.ucr.ac.cr/biosistemas/evaluacion-del-comportamiento-de-un-motor-de-combustion-interna-de-encendido-por-compresion-con-mezclas-de-biodiesel-con-diesel/ |
| Ετικέτες: |
Προσθήκη ετικέτας
Δεν υπάρχουν, Καταχωρήστε ετικέτα πρώτοι!
|
MARC
| LEADER | 00000nam a2200000Ia 4500 | ||
|---|---|---|---|
| 003 | 013270 | ||
| 005 | 20230705152123.0 | ||
| 008 | 140114s2020 cr a 000 ||spa d | ||
| 040 | |c cru CEDI | ||
| 100 | |a Cordero Navarro, Eduard, 1993- |9 295 | ||
| 245 | |a Evaluación del comportamiento de un motor de combustión interna de encendido por compresión con mezclas de biodiésel con diésel | ||
| 260 | |a San José, Costa Rica, |c 2020 | ||
| 500 | |a Trabajo de graduación (licenciatura en ingeniería agrícola y de biosistemas)--Universidad de Costa Rica. Facultad de Ingeniería. Escuela de Ingeniería de Biosistemas | ||
| 501 | |a Director de Trabajo Final de Graduación:Dr. Pedro Casanova Treto | ||
| 650 | |x DIESEL |x COMBUSTIBLES PARA MOTORES |x COMBUSTIBLES BIODIESEL |x COMBUSTIBLES BIODIESEL - MEZCLAS |x MOTORES DE COMBUSTION INTERNA-ENCENDIDO - EVALUACION |x COMBUSTIBLES DIESEL | ||
| 700 | |a Casanova Treto, Pedro, 1975- |d Director del TFG |9 173 | ||
| 856 | |u https://cedi.ucr.ac.cr/biosistemas/evaluacion-del-comportamiento-de-un-motor-de-combustion-interna-de-encendido-por-compresion-con-mezclas-de-biodiesel-con-diesel/ |y https://cedi.ucr.ac.cr/biosistemas/evaluacion-del-comportamiento-de-un-motor-de-combustion-interna-de-encendido-por-compresion-con-mezclas-de-biodiesel-con-diesel/ | ||
| 942 | |c CEDI |h TFG 8422 |i 013270 |2 ddc |6 TFG_8422_013270000000000 | ||
| 999 | |c 12905 |d 12905 | ||
